[Event "Bundesliga B Mitte 2008/2009"]
[Site "Fuerstenfeld"]
[Date "2009.03.29"]
[Round "11"]
[Board "1"]
[White "Skoberne, Jure"]
[Black "Horvath, Adam"]
[Result "1/2-1/2"]
[WhiteElo "2489"]
[BlackElo "2519"]
[PlyCount "97"]
[EventDate "2008.10.11"]
[EventType "team"]
[EventRounds "11"]
[EventCountry "AUT"]
[WhiteTeam "ESV Austria Graz"]
[BlackTeam "RbEJ Volksbank Gleisdorf"]

1.e4 c5 2.c3 Nf6 3.e5 Nd5 4.d4 cxd4 5.Nf3 e6 6.cxd4 d6 7.Bc4 Nb6 8.Bb3 dxe5
9.Nxe5 Nc6 10.Nf3 Bb4+ 11.Nc3 Nd5 12.Qd3 Na5 13.Bc2 Qc7 14.O-O Bxc3 15.bxc3 Qxc3
16.Ba4+ Nc6 17.Qb1 O-O 18.Bd2 Qa3 19.Bc2 h6 20.Re1 Nc3 21.Bxc3 Qxc3 22.Bh7+ Kh8
23.Rc1 Qb4 24.Be4 Qd6 25.Qb2 Kg8 26.Rc5 Bd7 27.Qxb7 Nxd4 28.Qc7 Qxc7 29.Rxc7
Nxf3+ 30.Bxf3 Rad8 31.Rxa7 Bb5 32.a4 Bc4 33.a5 Bd5 34.Bxd5 Rxd5 35.g3 Rfd8
36.Rb7 Rd1+ 37.Rxd1 Rxd1+ 38.Kg2 Ra1 39.Rb5 Ra3 40.h4 h5 41.Kf1 Ra2 42.Ke1 g6
43.Kd1 Rxf2 44.Kc1 Ra2 45.Kb1 Ra4 46.Kb2 Kg7 47.Kb3 Ra1 48.Kb4 Kf6 49.Kb3

[Event "Bundesliga B Mitte 2008/2009"]
[Site "Fuerstenfeld"]
[Date "2009.03.29"]
[Round "11"]
[Board "2"]
[White "Velicka, Petr"]
[Black "Bokros, Albert"]
[Result "1/2-1/2"]
[WhiteElo "2464"]
[BlackElo "2475"]
[PlyCount "27"]
[EventDate "2008.10.11"]
[EventType "team"]
[EventRounds "11"]
[EventCountry "AUT"]
[WhiteTeam "Schachgemeinschaft Voecklabruck"]
[BlackTeam "SK Leoben"]

1.e4 c5 2.Nf3 e6 3.c4 Nc6 4.Nc3 Nf6 5.Be2 d5 6.exd5 exd5 7.d4 Be7 8.O-O O-O
9.cxd5 Nxd5 10.Nxd5 Qxd5 11.dxc5 Qxc5 12.Be3 Qb4 13.Qc2 Be6 14.a3

[Event "Bundesliga B Mitte 2008/2009"]
[Site "Fuerstenfeld"]
[Date "2009.03.29"]
[Round "11"]
[Board "4"]
[White "Rolletschek, Heinrich"]
[Black "Bachler, Reinhard"]
[Result "1-0"]
[WhiteElo "2222"]
[BlackElo "2241"]
[PlyCount "85"]
[EventDate "2008.10.11"]
[EventType "team"]
[EventRounds "11"]
[EventCountry "AUT"]
[WhiteTeam "Schachgemeinschaft Voecklabruck"]
[BlackTeam "SK Leoben"]

1.e4 c5 2.Nf3 d6 3.d4 cxd4 4.Nxd4 Nf6 5.Nc3 a6 6.g3 Bg4 7.f3 Bd7 8.Bg2 Nc6 9.Be3
Rc8 10.Nxc6 Bxc6 11.O-O e6 12.a4 d5 13.exd5 Nxd5 14.Nxd5 Qxd5 15.Qxd5 Bxd5
16.Rf2 Be7 17.Rd2 Bf6 18.c3 O-O 19.f4 Bxg2 20.Kxg2 Rfd8 21.Rad1 Rxd2+ 22.Rxd2 h5
23.Rd7 Rc4 24.a5 Ra4 25.Rxb7 Rxa5 26.Kf3 Rb5 27.Rxb5 axb5 28.Ke4 Kf8 29.Bd4 Ke7
30.b3 Kd6 31.h3 Bxd4 32.Kxd4 f6 33.g4 hxg4 34.hxg4 Kc6 35.b4 Kd6 36.c4 Kc6
37.cxb5+ Kxb5 38.Kc3 e5 39.fxe5 fxe5 40.g5 e4 41.Kd4 Kxb4 42.Kxe4 Kc4 43.Kf5

[Event "Bundesliga B Mitte 2008/2009"]
[Site "Fuerstenfeld"]
[Date "2009.03.29"]
[Round "11"]
[Board "5"]
[White "Binder, Michael"]
[Black "Gneiss, Karl"]
[Result "1/2-1/2"]
[WhiteElo "2170"]
[BlackElo "2119"]
[PlyCount "95"]
[EventDate "2008.10.11"]
[EventType "team"]
[EventRounds "11"]
[EventCountry "AUT"]
[WhiteTeam "SK Leoben"]
[BlackTeam "Schachgemeinschaft Voecklabruck"]

1.Nf3 c5 2.c4 Nc6 3.Nc3 g6 4.g3 Bg7 5.Bg2 Nf6 6.O-O O-O 7.d4 cxd4 8.Nxd4 Qb6
9.Nc2 d6 10.b3 Be6 11.Bd2 Rac8 12.Ne3 Qc5 13.Rc1 Qh5 14.Ned5 Bxd5 15.Nxd5 Nxd5
16.Bxd5 b6 17.Bg2 Rfd8 18.Be3 Ne5 19.h3 Nd7 20.Qd2 Qf5 21.Rfd1 Nc5 22.Rc2 Rc7
23.Qc1 Rdc8 24.Qb1 Qe6 25.Rcd2 h5 26.Rd5 Be5 27.h4 Kg7 28.Kh2 Nd7 29.Bh3 f5
30.R5d3 Bf6 31.Kg1 Nc5 32.Bxc5 Rxc5 33.e3 b5 34.cxb5 Rxb5 35.Bg2 Rbc5 36.Bd5 Qd7
37.Bc4 Qb7 38.Rd5 a5 39.Rxc5 Rxc5 40.Qd3 Qc6 41.a4 Qb7 42.Qd2 Be5 43.Qd3 Bf6
44.Qd2 Be5 45.Bd5 Qc8 46.Bc4 Qb7 47.Bd5 Qc8 48.Bc4

[Event "Bundesliga B Mitte 2008/2009"]
[Site "Fuerstenfeld"]
[Date "2009.03.29"]
[Round "11"]
[Board "6"]
[White "Nussbaumer, Josef"]
[Black "Sachsenhofer, Michael"]
[Result "0-1"]
[WhiteElo "2075"]
[BlackElo "2113"]
[PlyCount "80"]
[EventDate "2008.10.11"]
[EventType "team"]
[EventRounds "11"]
[EventCountry "AUT"]
[WhiteTeam "Schachgemeinschaft Voecklabruck"]
[BlackTeam "SK Leoben"]

1.e4 c6 2.d4 d5 3.Nc3 dxe4 4.Nxe4 Bf5 5.Ng3 Bg6 6.f4 e6 7.Nf3 Nd7 8.Bd3 Ngf6
9.O-O Bxd3 10.Qxd3 Qb6 11.c4 Be7 12.Bd2 O-O-O 13.Qb3 c5 14.Qa3 Rde8 15.Qa5 cxd4
16.Qxb6 Nxb6 17.b4 Rd8 18.Ne5 Rhf8 19.a4 Nbd7 20.c5 Nxe5 21.fxe5 Ng4 22.Rae1 Rd5
23.Nh5 Rxe5 24.Rxe5 Nxe5 25.Nxg7 Rg8 26.Nh5 a5 27.Nf6 Bxf6 28.Rxf6 axb4 29.Bxb4
Rd8 30.Kf1 d3 31.Ke1 Nc4 32.Bd2 Rd7 33.g4 e5 34.c6 Re7 35.cxb7+ Kxb7 36.a5 e4
37.a6+ Ka8 38.Rc6 Nxd2 39.Kxd2 e3+ 40.Kxd3 e2

[Event "Bundesliga B Mitte 2008/2009"]
[Site "Fuerstenfeld"]
[Date "2009.03.29"]
[Round "11"]
[Board "4"]
[White "Supancic, Darko"]
[Black "Kaspret, Guido"]
[Result "1/2-1/2"]
[WhiteElo "2377"]
[BlackElo "2338"]
[PlyCount "57"]
[EventDate "2008.10.11"]
[EventType "team"]
[EventRounds "11"]
[EventCountry "AUT"]
[WhiteTeam "Strassenbahn Graz"]
[BlackTeam "ZH- Technologies Wolfsberg"]

1.d4 Nf6 2.Nf3 g6 3.Bg5 Bg7 4.Nbd2 O-O 5.c3 d6 6.e4 c5 7.dxc5 dxc5 8.Bc4 Qc7
9.O-O Nc6 10.Re1 h6 11.Bh4 Nh5 12.a4 Bg4 13.Qc2 Rad8 14.Bg3 Nxg3 15.hxg3 Bxf3
16.Nxf3 e6 17.Red1 Bf6 18.Rxd8 Rxd8 19.Be2 Kg7 20.Rd1 Rxd1+ 21.Qxd1 Qd8 22.Qxd8
Bxd8 23.Kf1 Kf6 24.Nd2 Bc7 25.Bd3 Ke7 26.Ke2 f5 27.Nc4 Kf6 28.Ne3 h5 29.Bb5

[Event "Bundesliga B Mitte 2008/2009"]
[Site "Fuerstenfeld"]
[Date "2009.03.29"]
[Round "11"]
[Board "6"]
[White "Kastner, Walter"]
[Black "Waldmann, Gerald"]
[Result "1-0"]
[WhiteElo "2225"]
[BlackElo "2188"]
[PlyCount "114"]
[EventDate "2008.10.11"]
[EventType "team"]
[EventRounds "11"]
[EventCountry "AUT"]
[WhiteTeam "Strassenbahn Graz"]
[BlackTeam "ZH- Technologies Wolfsberg"]

1.e4 e6 2.Nf3 d5 3.Nc3 dxe4 4.Nxe4 Nd7 5.g3 Ngf6 6.Nxf6+ Nxf6 7.Bg2 c5 8.O-O Qc7
9.d4 cxd4 10.Bf4 Bd6 11.Bxd6 Qxd6 12.Nxd4 O-O 13.c3 Bd7 14.Qe2 Qc7 15.Rfe1 Rab8
16.a4 a6 17.a5 Rfe8 18.Qe5 Qc8 19.Qd6 Rd8 20.Re5 Bb5 21.Qc5 Bc4 22.Nc6 bxc6
23.Qxc4 Rxb2 24.Rc5 Qb8 25.Rf1 Rb5 26.Rxc6 Rxa5 27.Rxa6 Rxa6 28.Qxa6 Qc7 29.c4
Qc5 30.Qb5 Rc8 31.Rd1 Kf8 32.Rd8+ Ke7 33.Rxc8 Qxc8 34.c5 Qc7 35.Bc6 Nd7 36.f4
Nf6 37.Kg2 h5 38.Kf3 Nd7 39.h3 f6 40.Ke3 Nf8 41.Qb6 Kd8 42.Kd4 Nd7 43.Qxc7+ Kxc7
44.Bb5 h4 45.g4 g6 46.Bxd7 Kxd7 47.g5 e5+ 48.fxe5 fxg5 49.Ke4 g4 50.hxg4 g5
51.Kf5 h3 52.e6+ Ke7 53.c6 Kd6 54.Kf6 h2 55.e7 h1=Q 56.e8=Q Qh6+ 57.Qg6 Kd5

[Event "Bundesliga B Mitte 2008/2009"]
[Site "Fuerstenfeld"]
[Date "2009.03.29"]
[Round "11"]
[Board "2"]
[White "Sebenik, Matej"]
[Black "Kreisl, Robert"]
[Result "1/2-1/2"]
[WhiteElo "2482"]
[BlackElo "2394"]
[PlyCount "125"]
[EventDate "2008.10.11"]
[EventType "team"]
[EventRounds "11"]
[EventCountry "AUT"]
[WhiteTeam "SV Raika Rapid Feffernitz"]
[BlackTeam "Kl. Zeitung MPOE Maria Saal"]

1.d4 Nf6 2.c4 g6 3.Nc3 d5 4.Nf3 Bg7 5.Bg5 Ne4 6.Bh4 Nxc3 7.bxc3 c5 8.cxd5 Qxd5
9.e3 cxd4 10.cxd4 Nc6 11.Be2 O-O 12.O-O e5 13.dxe5 Qa5 14.Bf6 Bxf6 15.exf6 Qf5
16.Nd4 Qxf6 17.Nxc6 Qxc6 18.Bf3 Qa6 19.Qd4 Bf5 20.Qb4 Rab8 21.Rfd1 b5 22.Rd6 Rb6
23.Rd4 Be6 24.h4 h5 25.Rad1 Rbb8 26.a3 Qb6 27.Rd6 Qc7 28.Rc6 Qe5 29.Rc5 Qf6
30.Rd4 Rfd8 31.Rxd8+ Qxd8 32.Rxb5 Rxb5 33.Qxb5 Qxh4 34.Qb8+ Kh7 35.Qxa7 Qc4
36.g3 h4 37.gxh4 Qxh4 38.Qd4 Qg5+ 39.Bg2 Qa5 40.Qb4 Qd8 41.Bf3 Qg5+ 42.Kf1 Qf6
43.Bd1 Bh3+ 44.Ke1 Qg5 45.Kd2 Qf6 46.f4 Qd8+ 47.Qd4 Qa5+ 48.Qc3 Qd5+ 49.Kc1 Bf5
50.Qb3 Qc5+ 51.Kb2 Be6 52.Qc3 Qb5+ 53.Kc1 Bf5 54.a4 Qb1+ 55.Kd2 Qa2+ 56.Ke1 Qd5
57.a5 Qh1+ 58.Kd2 Qd5+ 59.Kc1 Qa2 60.Bb3 Qa3+ 61.Kd2 Qd6+ 62.Qd4 Qa3 63.Qc3

[Event "Bundesliga B Mitte 2008/2009"]
[Site "Fuerstenfeld"]
[Date "2009.03.29"]
[Round "11"]
[Board "4"]
[White "Jeric, Simon"]
[Black "Horvath, Gabor"]
[Result "0-1"]
[WhiteElo "2279"]
[BlackElo "2277"]
[PlyCount "138"]
[EventDate "2008.10.11"]
[EventType "team"]
[EventRounds "11"]
[EventCountry "AUT"]
[WhiteTeam "SV Raika Rapid Feffernitz"]
[BlackTeam "Kl. Zeitung MPOE Maria Saal"]

1.e4 c5 2.c3 d6 3.d4 Nf6 4.Bd3 g6 5.dxc5 dxc5 6.e5 Ng4 7.Qe2 Bg7 8.f4 O-O 9.Nf3
f6 10.h3 Nh6 11.Be3 Qc7 12.Nbd2 Nd7 13.Bc4+ Kh8 14.e6 Nb6 15.g4 Qc6 16.O-O-O
Nxc4 17.Qxc4 Bxe6 18.Qxc5 Qa6 19.a3 Rfc8 20.Qb4 Nf7 21.Bd4 Nd6 22.Rhe1 Bd5
23.Rxe7 Qc6 24.Rxg7 Kxg7 25.Bxf6+ Kxf6 26.Ne5 Qc7 27.Qd4 Be6 28.Qxd6 Qxd6
29.Ne4+ Ke7 30.Nxd6 Rc7 31.Rd4 a6 32.Ne4 Rf8 33.Ng5 Bg8 34.Kd2 Rf6 35.Ke3 Rb6
36.Rb4 Rd6 37.Rd4 Rb6 38.Rb4 Rxb4 39.axb4 Rc8 40.Ngf3 Kd6 41.Nd4 b6 42.h4 a5
43.bxa5 bxa5 44.Kd3 Rf8 45.Ne2 Rb8 46.Kc2 Bb3+ 47.Kc1 Kd5 48.Nd7 Rb7 49.Nf6+ Kc4
50.Kd2 Ba2 51.Kc2 a4 52.Nd4 Re7 53.Kd2 Bb1 54.g5 Bf5 55.h5 Rb7 56.Kc1 Kd3
57.Nxf5 gxf5 58.h6 Rf7 59.Kb1 Ke3 60.Nd5+ Ke4 61.c4 Kd4 62.Nc3 Kxc4 63.Nxa4 Kd4
64.Kc2 Ke3 65.b4 Kxf4 66.b5 Kxg5 67.b6 f4 68.Nc5 f3 69.Ne4+ Kxh6

[Event "Bundesliga B Mitte 2008/2009"]
[Site "Fuerstenfeld"]
[Date "2009.03.29"]
[Round "11"]
[Board "5"]
[White "Reschun, Sascha"]
[Black "Reiss, Georg"]
[Result "1/2-1/2"]
[WhiteElo "2246"]
[BlackElo "2131"]
[PlyCount "133"]
[EventDate "2008.10.11"]
[EventType "team"]
[EventRounds "11"]
[EventCountry "AUT"]
[WhiteTeam "Kl. Zeitung MPOE Maria Saal"]
[BlackTeam "SV Raika Rapid Feffernitz"]

1.e4 c5 2.Nf3 Nc6 3.d4 cxd4 4.Nxd4 Nf6 5.Nc3 e5 6.Ndb5 d6 7.Bg5 a6 8.Na3 b5
9.Bxf6 gxf6 10.Nd5 f5 11.c3 Bg7 12.exf5 Bxf5 13.Nc2 O-O 14.Nce3 Be6 15.Bd3 Ne7
16.Nxe7+ Qxe7 17.O-O d5 18.Re1 Qg5 19.a4 b4 20.Bf1 d4 21.cxd4 exd4 22.Nc4 Rfd8
23.Bd3 Bd5 24.g3 Qh6 25.a5 Qc6 26.Rc1 Bh1 27.Bf1 Qf3 28.Qd3 Bh6 29.Ra1 Qxd3
30.Bxd3 Bc6 31.Nb6 Ra7 32.Re5 Re8 33.Rxe8+ Bxe8 34.Rd1 Bc6 35.Kf1 Bg7 36.Ke2
Re7+ 37.Kd2 Bf3 38.Ra1 b3 39.Bc4 Bh6+ 40.Kd3 Be2+ 41.Kxd4 Bg7+ 42.Kc5 Bxb2
43.Rb1 Ba3+ 44.Kd4 b2 45.Bxe2 Rxe2 46.Nc4 Bb4 47.Rxb2 Rxb2 48.Nxb2 Bxa5 49.Kc5
Bc3 50.Nc4 Kg7 51.f3 Kf6 52.Kb6 Bd4+ 53.Kxa6 Kg5 54.Nd2 f5 55.Kb5 h5 56.Kc4 Bg1
57.h4+ Kf6 58.f4 Bf2 59.Nf1 Ke6 60.Kd3 Kd5 61.Ke2 Bc5 62.Nd2 Bb6 63.Nf3 Ke6
64.Ne5 Bd4 65.Nf3 Bb6 66.Nd2 Kd5 67.Nf3

[Event "Bundesliga B Mitte 2008/2009"]
[Site "Fuerstenfeld"]
[Date "2009.03.29"]
[Round "11"]
[Board "6"]
[White "Tscharnuter, Hannes"]
[Black "Hartl, Daniel"]
[Result "0-1"]
[WhiteElo "2076"]
[BlackElo "2188"]
[PlyCount "98"]
[EventDate "2008.10.11"]
[EventType "team"]
[EventRounds "11"]
[EventCountry "AUT"]
[WhiteTeam "SV Raika Rapid Feffernitz"]
[BlackTeam "Kl. Zeitung MPOE Maria Saal"]

1.e4 d5 2.exd5 Nf6 3.d4 Bg4 4.Be2 Bxe2 5.Qxe2 Qxd5 6.Nf3 Nc6 7.c4 Qf5 8.Nc3
O-O-O 9.d5 Nb4 10.O-O e6 11.dxe6 Qxe6 12.Qxe6+ fxe6 13.Ne5 Rg8 14.Bg5 h6 15.Bh4
Rd2 16.a3 Nc6 17.Nxc6 bxc6 18.b4 Rd4 19.Bxf6 gxf6 20.c5 Bg7 21.Rad1 Rgd8 22.Rxd4
Rxd4 23.Rd1 f5 24.Rxd4 Bxd4 25.Nd1 Kb7 26.Kf1 a5 27.Ke2 axb4 28.axb4 Ka6 29.Kd3
Be5 30.Kc4 Bxh2 31.Nb2 e5 32.f3 h5 33.Nd1 Bg1 34.Nc3 Bf2 35.b5+ Kb7 36.Ne2 cxb5+
37.Kxb5 c6+ 38.Kc4 Kc7 39.Nc1 Kd7 40.Nd3 Bg3 41.Nb4 h4 42.Kd3 Be1 43.Nc2 Bf2
44.Kc4 e4 45.fxe4 f4 46.Kd3 f3 47.Ne3 Bxe3 48.Kxe3 fxg2 49.Kf2 h3